skbl

Dr Suryya Kumar Bhuyan Library Web-OPAC
ডঃ সূৰ্য্য
কুমাৰ ভূঞা পুথিভঁৰাল ৱেব-অ'পেক

All Research Scholars are advised to clear the annual library fees to continue using Library Resources, Remote Access, Plagiarism Test and Library Clearance.

Cotton University Book Fair 2026

Literary Theory: An Introduction / (Record no. 7985)

MARC details
000 -LEADER
fixed length control field 00617nam a2200217Ia 4500
001 - CONTROL NUMBER
control field 7998
008 - FIXED-LENGTH DATA ELEMENTS--GENERAL INFORMATION
fixed length control field 170222s1996 ii a g b000 u 465 u
082 ## - DEWEY DECIMAL CLASSIFICATION NUMBER
Classification number 820.1
100 ## - MAIN ENTRY--PERSONAL NAME
Personal name Eagleton, Terry .,
Relator term Author.
245 #0 - TITLE STATEMENT
Title Literary Theory: An Introduction /
Statement of responsibility, etc. Terry Eagleton.
Medium Textual Documents
250 ## - EDITION STATEMENT
Edition statement 2nd ed. /
260 ## - PUBLICATION, DISTRIBUTION, ETC.
Place of publication, distribution, etc. Delhi :
Name of publisher, distributor, etc. Doaba Publications ,
Date of publication, distribution, etc. 1996.
300 ## - PHYSICAL DESCRIPTION
Extent ix, 224p. :
Other physical details ill ;
Dimensions 24cm .
504 ## - BIBLIOGRAPHY, ETC. NOTE
Bibliography, etc. note Bib,Index
653 ## - INDEX TERM--UNCONTROLLED
Uncontrolled term English literature
653 ## - INDEX TERM--UNCONTROLLED
Uncontrolled term Literature-History & Criticism
653 ## - INDEX TERM--UNCONTROLLED
Uncontrolled term Criticism-History
653 ## - INDEX TERM--UNCONTROLLED
Uncontrolled term PG-English
653 ## - INDEX TERM--UNCONTROLLED
Uncontrolled term G-English
942 ## - ADDED ENTRY ELEMENTS (KOHA)
Source of classification or shelving scheme Dewey Decimal Classification
Koha item type Books
Holdings
Withdrawn status Lost status Damaged status Not for loan Collection Home library Current library Shelving location Date acquired Coded location qualifier Total checkouts Full call number Barcode Date last seen Copy number Price effective from Koha item type Date last checked out
          Dr. Suryya Kumar Bhuyan Library Dr. Suryya Kumar Bhuyan Library   01/02/2012 00000   820.1 Ea 31 Li 411/Eng 13/01/2024 1 01/02/2012 Books  
          Dr. Suryya Kumar Bhuyan Library Dr. Suryya Kumar Bhuyan Library   01/02/2012 00000 1 820.1 Ea 31 Li 1177/Eng 18/03/2025 2 01/02/2012 Books 25/02/2025

Designed and Maintained by Team SKBL
©1901-2026

Powered by Koha